000 00356nam a2200145 i 4500
001 bg
100 1 _aBUTRYN, Stanisław
245 0 _aSpory wokół naukowego obszaru wszechświata /
_cStanisław Butryn.
260 _aWarszawa,
_c1978.
040 _cBPK
041 _apol
080 _a113/119
942 _cKS
008 s pl f |000 0 pol
999 _c9559
_d9559
856 _uhttp://koha.tu.koszalin.pl/cgi-bin/koha/opac-detail.pl?biblionumber=9559
_yKatalog online BPK